| 000 | 00676nam a22002177a 4500 | ||
|---|---|---|---|
| 003 | OSt | ||
| 005 | 20160812133143.0 | ||
| 008 | 160728b xxu||||| |||| 00| 0 eng d | ||
| 020 | _a978-971-9617-87-7 | ||
| 040 | _cLIC | ||
| 082 |
_22016 _aDFil 363.258 _bB14d |
||
| 100 |
_912041 _aBadua, Jonah Barayuga |
||
| 245 |
_aDactyloscopy: _bmanual and workbook: outcomes-based education manual/ _cJonah Barayuga Badua |
||
| 250 | _aSecond Edition | ||
| 260 |
_aQuezon City : _bWiseman's Books Trading, _cc2016. |
||
| 300 |
_aiv, 213 pages: _billustrations; _c27 cm. |
||
| 365 |
_b498.00 _cPhp |
||
| 500 | _aIncludes references. | ||
| 650 | 0 |
_912042 _aFingerprints |
|
| 942 |
_2ddc _cDFIL |
||
| 999 |
_c3620 _d3620 |
||